[Event "29. Offene Senioren-LEM Sachsen-Anhalt 2021 65+"]
[Site "Magdeburg"]
[Date "2021.07.07"]
[Time "10:00:00"]
[Round "3.1"]
[White "Rüther, Rudolf"]
[Black "Kahe, Ralph"]
[Result "1/2-1/2"]
[WhiteElo "2058"]
[BlackElo "2172"]
[WhiteTeam "Erfurter Schachklub"]
[BlackTeam "SV Rochade Magdeburg 96"]

1. d4 {[%clk 01:30:48]} g6 {[%clk 01:30:56]} 2. c4 {[%clk 01:30:47]} Bg7 {[%clk
01:31:19]} {[%emt 00:00:04]} 3. e4 {[%clk 01:29:52]} {[%emt 00:00:22]} d6
{[%clk 01:31:27]} {[%emt 00:00:22]} 4. Nc3 {[%clk 01:29:21]} {[%emt 00:01:06]}
Nf6 {[%emt 00:00:04]} 5. f3 a6 6. Be3 c6 7. Qd2 b5 8. b3 Nbd7 9. Nge2 bxc4 10.
bxc4 Qa5 11. Ng3 c5 12. Rc1 O-O 13. Be2 Rb8 14. O-O cxd4 15. Bxd4 Nc5 16. Rfd1
Nfd7 17. Nd5 Bxd4+ 18. Qxd4 Re8 19. Rc2 Ne6 20. Qf2 Qc5 21. Ne3 Nf4 22. Bf1 Nf6
23. Nd5 Qxf2+ 24. Kxf2 N4xd5 25. cxd5 Bd7 26. Rdd2 Rb6 27. Ne2 Rc8 28. Nd4 Rxc2
29. Rxc2 Ne8 30. Bc4 Kf8 31. Bb3 a5 32. Rc4 e5 33. dxe6 fxe6 34. Ke3 Ke7 35. f4
e5 36. Nf3 exf4+ 37. Kxf4 h6 38. h4 Rc6 39. Rxc6 Bxc6 40. Nd4 Bd7 41. g4 Nf6
{[%clk 01:31:49]} 1/2-1/2

[Event "29. Offene Senioren-LEM Sachsen-Anhalt 2021 65+"]
[Site "Magdeburg"]
[Date "2021.07.07"]
[Time "10:00:00"]
[Round "3.2"]
[White "Haase, Reinhard"]
[Black "Heise, Jürgen"]
[Result "1/2-1/2"]
[WhiteElo "2143"]
[BlackElo "1951"]
[WhiteTeam "SC Fulda"]
[BlackTeam "SV Freibauer Barleben"]

1. d4 {[%clk 01:30:56]} {[%emt 00:00:31]} Nf6 {[%clk 01:30:54]} {[%emt
00:00:06]} 2. c4 {[%clk 01:31:07]} c5 {[%clk 01:31:06]} {[%emt 00:00:11]} 3.
Nf3 {[%clk 01:31:17]} {[%emt 00:00:19]} cxd4 {[%clk 01:30:11]} {[%emt
00:01:25]} 4. Nxd4 {[%clk 01:31:41]} {[%emt 00:00:14]} Nc6 {[%clk 01:30:35]}
{[%emt 00:00:16]} 5. Nc3 g6 {[%clk 01:30:35]} 6. g3 Bg7 {[%clk 01:30:35]} 7.
Bg2 O-O {[%clk 01:30:35]} 8. O-O Nxd4 {[%clk 01:30:35]} 9. Qxd4 d6 {[%clk
01:30:35]} 10. Qd3 Rb8 {[%clk 01:30:35]} 11. Rd1 Be6 {[%clk 01:30:35]} 12. c5
dxc5 {[%clk 01:30:35]} 13. Bf4 Qxd3 {[%clk 01:30:35]} 14. Rxd3 Rbd8 {[%clk
01:30:35]} 15. Bxb7 Bc4 {[%clk 01:30:35]} 16. Rxd8 Rxd8 {[%clk 01:30:35]} 17.
Bf3 e6 {[%clk 01:30:35]} 18. Be5 h5 {[%clk 01:30:35]} 19. b3 Ba6 {[%clk
01:30:35]} 20. Kf1 Ng4 {[%clk 01:30:35]} 21. Bxg7 Kxg7 {[%clk 01:30:35]} 22.
Bxg4 hxg4 {[%clk 01:30:35]} 23. Rd1 Rxd1+ {[%clk 01:30:35]} 24. Nxd1 c4 {[%clk
01:30:35]} 25. b4 Kf6 {[%clk 01:30:35]} 26. Nc3 Ke5 {[%clk 01:30:35]} 27. Ke1
f5 {[%clk 01:30:35]} 28. e3 Kd6 {[%clk 01:30:35]} 29. Kd2 e5 {[%clk 01:30:35]}
30. Na4 Bc8 {[%clk 01:30:35]} 31. Nc5 a5 {[%clk 01:30:35]} 32. a3 axb4 {[%clk
01:30:35]} 33. axb4 Kc6 {[%clk 01:30:35]} 1/2-1/2

[Event "29. Offene Senioren-LEM Sachsen-Anhalt 2021 65+"]
[Site "Magdeburg"]
[Date "2021.07.07"]
[Time "10:00:00"]
[Round "3.3"]
[White "Pfitzer, Norbert, Prof. Dr."]
[Black "Mohs, Jürgen"]
[Result "1/2-1/2"]
[WhiteElo "2061"]
[BlackElo "1943"]
[WhiteTeam "SV Backnang"]
[BlackTeam "SV Aufbau Bernburg"]

1. Nf3 {[%clk 01:30:56]} {[%emt 00:00:26]} d5 {[%clk 01:30:46]} 2. d4 {[%clk
01:31:13]} {[%emt 00:00:05]} Bf5 {[%clk 01:30:51]} {[%emt 00:00:25]} 3. g3
{[%clk 01:31:18]} {[%emt 00:00:26]} Nd7 {[%clk 01:30:46]} {[%emt 00:00:53]} 4.
Bg2 {[%clk 01:30:55]} {[%emt 00:00:35]} c6 {[%clk 01:31:05]} {[%emt 00:00:11]}
5. O-O {[%clk 01:31:01]} {[%emt 00:00:27]} e6 {[%clk 01:31:05]} {[%emt
00:00:28]} 6. Nc3 Ngf6 {[%clk 01:31:05]} 7. Nh4 Bg4 {[%clk 01:31:05]} 8. Qd3
Be7 {[%clk 01:31:05]} 9. e4 dxe4 {[%clk 01:31:05]} 10. Nxe4 Nxe4 {[%clk
01:31:05]} 11. Qxe4 Bh5 {[%clk 01:31:05]} 12. Nf3 O-O {[%clk 01:31:05]} 13. c3
Re8 {[%clk 01:31:05]} 14. Bd2 Qb6 {[%clk 01:31:05]} 15. b3 Rad8 {[%clk
01:31:05]} 16. Ng5 Bg6 {[%clk 01:31:05]} 17. Qe2 Nf6 {[%clk 01:31:05]} 18. Rac1
Qc7 {[%clk 01:31:05]} 19. Bf4 Bd6 {[%clk 01:31:05]} 20. Be5 Bxe5 {[%clk
01:31:05]} 21. Qxe5 Qxe5 {[%clk 01:31:05]} 22. dxe5 Nd7 {[%clk 01:31:05]} 23.
f4 Nc5 {[%clk 01:31:05]} 24. b4 Na4 {[%clk 01:31:05]} 25. Be4 h6 {[%clk
01:31:05]} 26. Bxg6 hxg5 {[%clk 01:31:05]} 27. Be4 gxf4 {[%clk 01:31:05]} 28.
gxf4 Rd2 {[%clk 01:31:05]} 29. Rf2 Red8 {[%clk 01:31:05]} 30. Rc2 Rxc2 {[%clk
01:31:05]} 31. Rxc2 Nb6 {[%clk 01:31:05]} 32. Kf2 Kf8 {[%clk 01:31:05]} 33. Kf3
Ke7 {[%clk 01:31:05]} 34. a3 Nc4 {[%clk 01:31:05]} 35. a4 Nd2+ {[%clk
01:31:05]} 36. Ke3 Nxe4 {[%clk 01:31:05]} 1/2-1/2

[Event "29. Offene Senioren-LEM Sachsen-Anhalt 2021 65+"]
[Site "Magdeburg"]
[Date "2021.07.07"]
[Time "10:00:00"]
[Round "3.4"]
[White "Brettschneider, Karl"]
[Black "Köhler, Gerhard, Dr."]
[Result "0-1"]
[WhiteElo "1964"]
[BlackElo "2204"]
[WhiteTeam "SC Leinfelden"]
[BlackTeam "USV Halle"]

1. c4 {[%clk 01:30:56]} Nf6 {[%clk 01:30:52]} {[%emt 00:00:04]} 2. Nc3 {[%clk
01:31:12]} d6 {[%clk 01:30:57]} 3. g3 {[%clk 01:31:14]} g6 {[%clk 01:31:16]}
{[%emt 00:00:04]} 4. Bg2 {[%clk 01:31:25]} Bg7 {[%clk 01:31:37]} 5. e3 {[%clk
01:31:24]} O-O {[%clk 01:31:40]} {[%emt 00:00:04]} 6. Nge2 {[%clk 01:31:26]}
Nc6 {[%clk 01:28:39]} 7. d4 {[%clk 01:30:45]} {[%emt 00:00:05]} Bf5 {[%clk
01:25:35]} 8. a3 {[%clk 01:27:07]} e5 {[%clk 01:21:24]} 9. O-O {[%clk
01:25:37]} {[%emt 00:00:05]} exd4 {[%clk 01:13:42]} 10. exd4 {[%clk 01:21:48]}
Re8 {[%clk 01:13:26]} {[%emt 00:00:04]} 11. h3 {[%clk 01:15:45]} Ne4 {[%clk
01:06:55]} 12. Be3 {[%clk 01:08:21]} a6 {[%clk 01:04:11]} {[%emt 00:00:04]} 13.
Nxe4 {[%clk 01:06:16]} Bxe4 {[%clk 01:04:13]} 14. Nc3 {[%clk 01:05:07]} Bxg2
{[%emt 00:00:05]} 15. Kxg2 {[%clk 01:05:36]} Ne7 {[%clk 01:02:38]} 16. Qf3
{[%clk 01:00:29]} Nf5 {[%clk 01:00:56]} {[%emt 00:00:05]} 17. Rad1 {[%clk
00:58:26]} Rb8 {[%clk 01:00:46]} 18. b4 {[%clk 00:54:45]} {[%emt 00:00:05]} Qd7
{[%clk 00:45:53]} 19. Rd3 {[%clk 00:49:58]} b5 {[%clk 00:42:12]} 20. cxb5
{[%clk 00:47:20]} {[%emt 00:00:05]} axb5 {[%clk 00:42:33]} 21. Rfd1 {[%clk
00:46:37]} h6 {[%clk 00:40:03]} 22. Bc1 {[%clk 00:40:33]} {[%emt 00:01:30]} c6
{[%clk 00:36:43]} 23. Ne4 {[%clk 00:29:58]} Qe7 {[%clk 00:35:32]} 24. Nc3
{[%clk 00:28:38]} {[%emt 00:00:04]} d5 {[%clk 00:34:34]} 25. Bb2 {[%clk
00:22:07]} Nd6 {[%clk 00:33:08]} 26. Bc1 {[%clk 00:18:05]} {[%emt 00:00:04]}
Nc4 {[%clk 00:32:00]} 27. Nb1 {[%clk 00:17:02]} Ra8 {[%clk 00:21:06]} 28. Nd2
{[%clk 00:16:09]} {[%emt 00:00:04]} Qd6 {[%clk 00:18:26]} 29. Nxc4 {[%clk
00:07:29]} dxc4 {[%clk 00:18:24]} 30. Re3 {[%clk 00:06:32]} {[%emt 00:00:04]}
Qd5 {[%clk 00:18:44]} 31. Rde1 {[%clk 00:05:24]} Kf8 {[%clk 00:18:55]} 32. Bb2
{[%clk 00:05:30]} {[%emt 00:00:04]} h5 {[%clk 00:17:25]} 33. Rxe8+ {[%clk
00:03:52]} Rxe8 {[%clk 00:17:36]} {[%emt 00:00:04]} 34. Rxe8+ {[%clk 00:04:04]}
Kxe8 {[%clk 00:18:04]} 35. Qxd5 {[%clk 00:04:17]} cxd5 {[%clk 00:18:32]} {[%emt
00:00:09]} 36. f4 {[%clk 00:03:31]} Bh6 {[%clk 00:17:17]} 37. h4 {[%clk
00:02:22]} Ke7 {[%clk 00:17:18]} {[%emt 00:00:04]} 38. Kf3 {[%clk 00:02:40]}
Ke6 {[%clk 00:17:46]} 39. Bc3 {[%clk 00:02:40]} Kf5 {[%clk 00:15:10]} 40. Bb2
{[%clk 00:02:33]} {[%emt 00:00:04]} f6 {[%clk 00:14:12]} 41. Bc3 {[%clk
00:29:01]} g5 {[%clk 00:42:14]} 42. Bd2 {[%clk 00:27:47]} gxf4 {[%clk
00:40:16]} 43. gxf4 {[%clk 00:26:33]} Bf8 {[%clk 00:37:38]} 44. Be1 {[%clk
00:24:44]} Bd6 {[%clk 00:37:58]} 45. Bd2 {[%clk 00:24:40]} Bc7 {[%clk
00:37:48]} 46. Bc1 {[%clk 00:23:39]} Bb6 {[%clk 00:37:22]} 47. Bb2 {[%clk
00:23:37]} Ba7 {[%clk 00:37:13]} 48. Bc3 {[%clk 00:23:38]} Bb8 {[%clk
00:37:23]} 49. Bd2 {[%clk 00:23:44]} c3 {[%clk 00:31:04]} 50. Bxc3 {[%clk
00:22:03]} Bxf4 {[%clk 00:31:26]} 51. Bb2 {[%clk 00:21:10]} Bh6 {[%clk
00:31:41]} 52. a4 {[%clk 00:15:28]} bxa4 {[%clk 00:31:42]} 53. b5 {[%clk
00:15:35]} Bf8 {[%clk 00:28:06]} 54. b6 {[%clk 00:15:35]} {[%emt 00:00:33]} Bd6
{[%clk 00:28:22]} 55. b7 {[%clk 00:15:03]} Ke6 {[%clk 00:28:35]} 56. Ba3 {[%clk
00:12:11]} {[%emt 00:01:46]} Bb8 0-1

[Event "29. Offene Senioren-LEM Sachsen-Anhalt 2021 65+"]
[Site "Magdeburg"]
[Date "2021.07.07"]
[Time "10:00:00"]
[Round "3.5"]
[White "Winkler, Karl"]
[Black "Szenetra, Werner"]
[Result "0-1"]
[WhiteElo "1927"]
[BlackElo "2132"]
[WhiteTeam "SG Eintracht Neubrandenburg"]
[BlackTeam "SV Berenbostel"]

1. e4 {[%clk 01:30:57]} g6 {[%clk 01:30:42]} 2. d4 d6 3. Nc3 {[%clk 01:30:51]}
Bg7 {[%clk 01:31:05]} {[%emt 00:00:12]} 4. f4 {[%clk 01:30:50]} a6 {[%clk
01:31:13]} 5. Nf3 {[%clk 01:30:32]} b5 {[%clk 01:31:02]} 6. a3 {[%clk
01:30:32]} Bb7 {[%clk 01:31:02]} 7. Be3 {[%clk 01:30:32]} Nd7 {[%clk 01:31:02]}
8. Qd2 {[%clk 01:30:32]} c5 {[%clk 01:31:02]} 9. e5 {[%clk 01:30:32]} cxd4
{[%clk 01:31:02]} 10. Bxd4 {[%clk 01:30:32]} dxe5 {[%clk 01:31:02]} 11. Nxe5
{[%clk 01:30:32]} Nxe5 {[%clk 01:31:02]} 12. Bxe5 {[%clk 01:30:32]} Qxd2+
{[%clk 01:31:02]} 13. Kxd2 {[%clk 01:30:32]} O-O-O+ {[%clk 01:31:02]} 14. Ke3
{[%clk 01:30:32]} f6 {[%clk 01:31:02]} 15. Bd4 {[%clk 01:30:32]} e5 {[%clk
01:31:02]} 16. Bb6 {[%clk 01:30:32]} Rd6 {[%clk 01:31:02]} 17. Bc5 {[%clk
01:30:32]} Re6 {[%clk 01:31:02]} 18. f5 {[%clk 01:30:32]} gxf5 {[%clk
01:31:02]} 19. Bd3 {[%clk 01:30:32]} Nh6 {[%clk 01:31:02]} 20. h3 {[%clk
01:30:32]} e4 {[%clk 01:31:02]} 21. Be2 {[%clk 01:30:32]} Nf7 {[%clk 01:31:02]}
22. Rhd1 {[%clk 01:30:32]} Rg8 {[%clk 01:31:02]} 23. g4 {[%clk 01:30:32]} Bh6+
{[%clk 01:31:02]} 24. Kf2 {[%clk 01:30:32]} f4 {[%clk 01:31:02]} 25. Nd5 {[%clk
01:30:32]} f3 {[%clk 01:31:02]} 26. Bf1 {[%clk 01:30:32]} Bxd5 {[%clk
01:31:02]} 27. Rxd5 {[%clk 01:30:32]} Rge8 {[%clk 01:31:02]} 28. Be3 {[%clk
01:30:32]} Rc6 {[%clk 01:31:02]} 29. c3 {[%clk 01:30:32]} Bxe3+ {[%clk
01:31:02]} 30. Kxe3 {[%clk 01:30:32]} Nd6 {[%clk 01:31:02]} 31. a4 {[%clk
01:30:32]} b4 {[%clk 01:31:02]} 32. cxb4 {[%clk 01:30:32]} Nc4+ {[%clk
01:31:02]} 33. Bxc4 {[%clk 01:30:32]} Rxc4 {[%clk 01:31:02]} 34. Rc5+ {[%clk
01:30:32]} Rxc5 {[%clk 01:31:02]} 35. bxc5 {[%clk 01:30:32]} a5 {[%clk
01:31:02]} 36. Ra3 {[%clk 01:30:32]} Kc7 {[%clk 01:31:02]} 37. Rb3 {[%clk
01:30:32]} Rb8 {[%clk 01:31:02]} 38. Rb5 {[%clk 01:30:32]} Rd8 {[%clk
01:31:02]} 39. Rb6 {[%clk 01:30:32]} f5 {[%clk 01:31:02]} 40. Rf6 {[%clk
01:30:32]} Rd3+ {[%clk 01:31:02]} 41. Kf2 {[%clk 01:30:32]} Rd2+ {[%clk
01:31:02]} 42. Ke1 {[%clk 01:30:32]} e3 {[%clk 01:31:02]} 43. Rxf5 {[%clk
01:30:32]} f2+ {[%clk 01:31:02]} 0-1

[Event "29. Offene Senioren-LEM Sachsen-Anhalt 2021 65+"]
[Site "Magdeburg"]
[Date "2021.07.07"]
[Time "10:00:00"]
[Round "3.6"]
[White "Grimm, Uwe"]
[Black "Domsgen, Bernd"]
[Result "1-0"]
[WhiteElo "2121"]
[BlackElo "1931"]
[WhiteTeam "MTV Dannenberg"]
[BlackTeam "Burger SK Schwarz-Weiß"]

1. f4 {[%clk 01:30:55]} {[%emt 00:00:04]} Nf6 {[%clk 01:30:20]} {[%emt
00:00:38]} 2. Nf3 {[%clk 01:30:38]} {[%emt 00:00:50]} Nc6 {[%clk 01:29:53]}
{[%emt 00:00:54]} 3. e3 {[%clk 01:30:03]} {[%emt 00:01:07]} d5 {[%clk
01:30:01]} {[%emt 00:00:22]} 4. Bb5 Bd7 {[%clk 01:30:01]} 5. O-O a6 {[%clk
01:30:01]} 6. Bxc6 Bxc6 {[%clk 01:30:01]} 7. b3 e6 {[%clk 01:30:01]} 8. Bb2 Bc5
{[%clk 01:30:01]} 9. Ne5 d4 {[%clk 01:30:01]} 10. Nxc6 bxc6 {[%clk 01:30:01]}
11. Qf3 dxe3 {[%clk 01:30:01]} 12. Qxc6+ Nd7 {[%clk 01:30:01]} 13. dxe3 Bxe3+
{[%clk 01:30:01]} 14. Kh1 O-O {[%clk 01:30:01]} 15. Qc3 Qf6 {[%clk 01:30:01]}
16. Rf3 Bd4 {[%clk 01:30:01]} 17. Qxd4 1-0

[Event "29. Offene Senioren-LEM Sachsen-Anhalt 2021 65+"]
[Site "Magdeburg"]
[Date "2021.07.07"]
[Time "10:00:00"]
[Round "3.7"]
[White "Zerfass, Otfried"]
[Black "Prüsse, Horst"]
[Result "1/2-1/2"]
[WhiteElo "1887"]
[BlackElo "2093"]
[WhiteTeam "Union 1861 Schönebeck"]
[BlackTeam "SG Eintracht Neubrandenburg"]

1. e4 {[%clk 01:30:56]} {[%emt 00:00:34]} e5 2. Nf3 Nc6 {[%clk 01:30:44]} 3.
Bc4 {[%clk 01:30:48]} {[%emt 00:00:24]} Be7 {[%clk 01:31:10]} {[%emt 00:00:43]}
4. c3 {[%clk 01:30:55]} Nf6 {[%clk 01:31:30]} 5. d3 {[%clk 01:31:16]} {[%emt
00:00:08]} O-O {[%clk 01:31:27]} {[%emt 00:00:35]} 6. Bb3 {[%emt 00:02:14]} d5
7. Nbd2 h6 8. O-O Bg4 9. h3 Bh5 10. Re1 d4 11. Nf1 Nd7 12. Ng3 Bg6 13. Nh2 Na5
14. Bc2 dxc3 15. bxc3 c5 16. Rf1 Bg5 17. Ng4 Bf4 18. Qf3 Qg5 19. Ne2 Bxc1 20.
Raxc1 f5 21. exf5 Bxf5 22. Qd5+ Kh8 23. Nxe5 Nxe5 24. f4 Qg6 25. fxe5 Rfd8 26.
Qf3 c4 27. Nf4 Qb6+ 28. Kh1 cxd3 29. Nxd3 Bh7 30. Nf4 Bxc2 31. Rxc2 Nc4 32. Qe4
Ne3 33. Ng6+ Kg8 34. Ne7+ Kh8 35. Ng6+ 1/2-1/2

[Event "29. Offene Senioren-LEM Sachsen-Anhalt 2021 65+"]
[Site "Magdeburg"]
[Date "2021.07.07"]
[Time "10:00:00"]
[Round "3.8"]
[White "Bauer, Burkhard"]
[Black "McAndrew, Robert"]
[Result "1-0"]
[WhiteElo "2084"]
[BlackElo "1883"]
[WhiteTeam "SV Aufbau Bernburg"]
[BlackTeam "Gambit Bonnevoie"]

1. d4 {[%clk 01:31:00]} Nf6 {[%clk 01:31:13]} 2. Nf3 {[%clk 01:31:26]} {[%emt
00:00:04]} g6 3. Bf4 {[%clk 01:31:26]} d6 4. e3 {[%clk 01:31:26]} Nh5 5. Bg5
{[%clk 01:31:26]} c5 6. c3 {[%clk 01:31:26]} Ng7 7. Bh6 {[%clk 01:31:26]} Ne6 8.
Bxf8 {[%clk 01:31:26]} Kxf8 9. d5 {[%clk 01:31:26]} Ng7 10. c4 {[%clk
01:31:26]} Bg4 11. Nc3 {[%clk 01:31:26]} h5 12. Be2 {[%clk 01:31:26]} Nd7 13.
Nd2 {[%clk 01:31:26]} Ne5 14. f3 {[%clk 01:31:26]} Bd7 15. e4 {[%clk 01:31:26]}
Kg8 16. Nf1 {[%clk 01:31:26]} Kh7 17. Ne3 {[%clk 01:31:26]} f5 18. f4 {[%clk
01:31:26]} Ng4 19. Nxg4 {[%clk 01:31:26]} fxg4 20. Bd3 {[%clk 01:31:26]} e5 21.
fxe5 {[%clk 01:31:26]} dxe5 22. Qd2 {[%clk 01:31:26]} Rf8 23. O-O-O {[%clk
01:31:26]} a6 24. a4 {[%clk 01:31:26]} Qa5 25. Kc2 {[%clk 01:31:26]} Qb4 26.
Ra1 {[%clk 01:31:26]} b5 27. axb5 {[%clk 01:31:26]} axb5 28. Nxb5 {[%clk
01:31:26]} Qxd2+ 29. Kxd2 {[%clk 01:31:26]} Rxa1 30. Rxa1 {[%clk 01:31:26]}
Rf2+ 31. Kc3 {[%clk 01:31:26]} Rxg2 32. Rh1 {[%clk 01:31:26]} h4 33. b4 {[%clk
01:31:26]} h3 34. bxc5 {[%clk 01:31:26]} Rxh2 35. Rxh2 {[%clk 01:31:26]} g3 36.
Rh1 {[%clk 01:31:26]} g2 37. Rg1 {[%clk 01:31:26]} h2 38. Rxg2 {[%clk
01:31:26]} h1=Q 39. Rb2 {[%clk 01:31:26]} Qe1+ 40. Rd2 {[%clk 01:31:26]} Qa1+
41. Rb2 {[%clk 01:31:26]} Nh5 42. Kb3 {[%clk 01:31:26]} Qd1+ 43. Bc2 {[%clk
01:31:26]} Qf3+ 44. Ka2 {[%clk 01:31:26]} Qe3 45. c6 {[%clk 01:31:26]} Bc8 46.
Na3 {[%clk 01:31:26]} Nf6 47. Rb8 {[%clk 01:31:26]} Bg4 48. d6 {[%clk
01:31:26]} Nxe4 49. d7 {[%clk 01:31:26]} Nc3+ 50. Kb2 {[%clk 01:31:26]} Qd4 51.
Kb3 {[%clk 01:31:26]} Bxd7 52. cxd7 {[%clk 01:31:26]} Qxd7 53. Kxc3 {[%clk
01:31:26]} Qd4+ 54. Kb3 {[%clk 01:31:26]} e4 55. Nb5 {[%clk 01:31:26]} Qe5 56.
Rb6 {[%clk 01:31:26]} Kg7 57. Nc3 {[%clk 01:31:26]} Qd4 58. Rb7+ {[%clk
01:31:26]} Kh6 59. Bxe4 {[%clk 01:31:26]} 1-0

[Event "29. Offene Senioren-LEM Sachsen-Anhalt 2021 65+"]
[Site "Magdeburg"]
[Date "2021.07.07"]
[Time "10:00:00"]
[Round "3.9"]
[White "Hartung, Lothar"]
[Black "Blodig, Reinhard"]
[Result "0-1"]
[WhiteElo "1905"]
[BlackElo "2079"]
[WhiteTeam "SG Eintracht Neubrandenburg"]
[BlackTeam "TV Riedenburg Schach"]

1. d4 {[%clk 01:30:55]} g6 {[%clk 01:30:12]} 2. Bf4 {[%clk 01:30:27]} d6 {[%clk
01:30:25]} {[%emt 00:00:05]} 3. e3 {[%clk 01:30:38]} {[%emt 00:00:19]} Bg7
{[%emt 00:01:38]} 4. h3 Nd7 5. c3 Ngf6 6. Be2 O-O 7. Nf3 b6 8. O-O Bb7 9. Bc4
Qc8 10. Qe2 a6 11. Nbd2 Re8 12. Bh2 e5 13. dxe5 dxe5 14. e4 Re7 15. Bb3 Qe8 16.
Bc2 Nh5 17. Ne1 Nc5 18. b4 Na4 19. c4 Nf4 20. Bxf4 exf4 21. Rb1 Nc3 {[%clk
01:29:26]} 0-1

[Event "29. Offene Senioren-LEM Sachsen-Anhalt 2021 65+"]
[Site "Magdeburg"]
[Date "2021.07.07"]
[Time "10:00:00"]
[Round "3.10"]
[White "Lindner, Helmut"]
[Black "Schmidt, Jörg, Prof. Dr."]
[Result "1/2-1/2"]
[WhiteElo "1875"]
[BlackElo "2061"]
[WhiteTeam "SC Prichsenstadt"]
[BlackTeam "Schachclub Rote Rüben Leipzig"]

1. e4 c5 2. Nc3 Nc6 3. f4 g6 4. Nf3 Bg7 5. Bb5 Nd4 6. O-O Nxb5 7. Nxb5 Nf6 8.
e5 Nd5 9. d4 cxd4 10. Qxd4 a6 11. Qxd5 axb5 12. Be3 O-O 13. Rad1 Qc7 14. Bc5
Re8 15. Nd4 Qa5 16. a3 d6 17. exd6 exd6 18. Bb4 Qb6 19. c3 Bg4 20. Rd2 Be2
1/2-1/2

[Event "29. Offene Senioren-LEM Sachsen-Anhalt 2021 65+"]
[Site "Magdeburg"]
[Date "2021.07.07"]
[Round "3.11"]
[White "Philipp, Hans-Joachim"]
[Black "Pichler, Manfred"]
[Result "1/2-1/2"]
[WhiteElo "1883"]
[BlackElo "1999"]
[PlyCount "53"]
[EventDate "2021.??.??"]
[WhiteTeam "Cöthener FC Germania 03"]
[BlackTeam "USV Halle"]

1. e4 d5 2. exd5 Qxd5 3. Nc3 Qa5 4. d4 Nf6 5. Bc4 c6 6. Nf3 Bf5 7. O-O e6 8.
Bd2 Qc7 9. Re1 Be7 10. Ne5 Nbd7 11. Qe2 Nxe5 12. dxe5 Nd7 13. Bf4 g5 14. Bc1 h5
15. b3 O-O-O 16. Bb2 g4 17. Rad1 h4 18. Bd3 g3 19. Bxf5 exf5 20. fxg3 hxg3 21.
h3 Bc5+ 22. Kh1 Bf2 23. Rf1 Qxe5 24. Qxe5 Nxe5 25. Rxd8+ Rxd8 26. Nd1 Bd4 27.
Rxf5 1/2-1/2

[Event "29. Offene Senioren-LEM Sachsen-Anhalt 2021 65+"]
[Site "Magdeburg"]
[Date "2021.07.07"]
[Round "3.12"]
[White "Brandt, Joachim"]
[Black "Schaefer, Martin"]
[Result "1/2-1/2"]
[WhiteElo "1773"]
[BlackElo "1933"]
[PlyCount "73"]
[EventDate "2021.??.??"]
[WhiteTeam "Union 1861 Schönebeck"]
[BlackTeam "SG Ennepe-Ruhr-Süd"]

1. e4 c5 2. Nc3 Nc6 3. Bb5 Nd4 4. Bc4 Rb8 5. a4 a6 6. Nf3 b5 7. axb5 axb5 8.
Ba2 d6 9. Nxd4 cxd4 10. Ne2 e5 11. d3 g6 12. O-O Bg7 13. f4 Ne7 14. fxe5 O-O
15. exd6 Qxd6 16. Bf4 Be5 17. Bxe5 Qxe5 18. Qe1 Nc6 19. Bd5 Ne7 20. Bb3 Be6 21.
Bxe6 fxe6 22. Qg3 Qxg3 23. Rxf8+ Kxf8 24. Nxg3 Rc8 25. Rc1 Nc6 26. Ne2 e5 27.
c3 Rd8 28. cxd4 Nxd4 29. Nxd4 Rxd4 30. Rd1 Ke7 31. Kf2 Kd6 32. Ke3 Rb4 33. Rd2
Rb3 34. Rc2 Rb4 35. Kd2 Rb3 36. h4 h5 37. g3 1/2-1/2

[Event "29. Offene Senioren-LEM Sachsen-Anhalt 2021 65+"]
[Site "Magdeburg"]
[Date "2021.07.07"]
[Round "3.13"]
[White "Just, Joachim"]
[Black "Bregler, Herbert"]
[Result "1/2-1/2"]
[WhiteElo "1932"]
[BlackElo "1881"]
[PlyCount "52"]
[EventDate "2021.??.??"]
[WhiteTeam "SV Motor Zeitz"]
[BlackTeam "SC Eppingen"]

1. d4 Nf6 2. Bg5 e6 3. Nf3 Be7 4. e3 d5 5. Nbd2 O-O 6. Be2 Nbd7 7. O-O h6 8.
Bf4 c5 9. c3 Qb6 10. Qb3 c4 11. Qc2 Nh5 12. Ne5 Nxf4 13. exf4 Nxe5 14. fxe5 Bd7
15. f4 f5 16. Kh1 Qd8 17. Rg1 Kh8 18. Raf1 g6 19. g4 Rg8 20. gxf5 gxf5 21. Bh5
Be8 22. Rxg8+ Kxg8 23. Qd1 Kh7 24. Rg1 Bxh5 25. Qxh5 Qe8 26. Qf3 Qf7 1/2-1/2

[Event "29. Offene Senioren-LEM Sachsen-Anhalt 2021 65+"]
[Site "Magdeburg"]
[Date "2021.07.07"]
[Round "3.14"]
[White "Gehrmann, Dorit"]
[Black "Kollberg, Lothar"]
[Result "0-1"]
[WhiteElo "1817"]
[BlackElo "2020"]
[PlyCount "141"]
[EventDate "2021.??.??"]
[WhiteTeam "SV Eutin von 1875"]
[BlackTeam "SC Zugzwang 95"]

1. e4 g6 2. d4 Bg7 3. Nf3 d6 4. Bc4 Nf6 5. Nc3 O-O 6. O-O c6 7. a3 Nxe4 8. Nxe4
d5 9. Bxd5 cxd5 10. Ng3 Bg4 11. c3 Nc6 12. h3 Bxf3 13. Qxf3 e6 14. Bf4 Na5 15.
Qe2 a6 16. Rfd1 Rc8 17. Nf1 Qd7 18. Ne3 f6 19. Ng4 h5 20. Ne3 Nc4 21. Re1 Rfe8
22. Nxc4 Rxc4 23. Bg3 Kf7 24. Qd3 Rec8 25. Re2 b5 26. Rae1 R8c6 27. Qd2 a5 28.
f3 Bf8 29. Ra1 b4 30. axb4 axb4 31. cxb4 Rxb4 32. Ra8 Rc8 33. Rxc8 Qxc8 34. Bf2
Rc4 35. g3 Qa6 36. Kg2 Rb4 37. Re1 Rb3 38. Re2 Qb5 39. Qc2 Be7 40. Re3 Rxb2 41.
Qc8 Qb6 42. Re1 Ra2 43. Kg1 Rb2 44. Qh8 Bf8 45. Rc1 Rb1 46. Rxb1 Qxb1+ 47. Kg2
Qd3 48. g4 hxg4 49. hxg4 Qe2 50. Qh1 e5 51. Kg3 exd4 52. Qh7+ Bg7 53. Bxd4 Qe1+
54. Bf2 Qe5+ 55. Kg2 d4 56. Qh1 d3 57. Qd1 Qd5 58. Be3 Bf8 59. Bd2 Bd6 60. Qa4
Be7 61. Kf2 Qc5+ 62. Kg2 Qc2 63. Qxc2 dxc2 64. Bc1 Ke6 65. Kf2 Kd5 66. Ke3 Kc4
67. f4 Kb3 68. Kd3 Bd6 69. Kd4 Ba3 70. Bd2 c1=Q 71. Bxc1 0-1

[Event "29. Offene Senioren-LEM Sachsen-Anhalt 2021 65+"]
[Site "Magdeburg"]
[Date "2021.07.07"]
[Round "3.15"]
[White "Zschunke, Werner"]
[Black "Fleischer, Martin"]
[Result "1-0"]
[WhiteElo "1949"]
[BlackElo "1811"]
[PlyCount "78"]
[EventDate "2021.??.??"]
[WhiteTeam "Schachklub Schweinfurt 2000"]
[BlackTeam "SV Einheit Schwerin"]

1. c4 e6 2. g3 Nf6 3. Bg2 c6 4. e4 d6 5. Nc3 Be7 6. d4 Nbd7 7. f4 e5 8. Nf3 Qc7
9. O-O a6 10. Kh1 O-O 11. Be3 Ng4 12. Bg1 exf4 13. gxf4 Nh6 14. Qe2 Re8 15.
Rad1 Nf8 16. h3 Bd7 17. b4 Qc8 18. Kh2 Ng6 19. Be3 f5 20. Ng5 Bf6 21. e5 Be7
22. a3 Nf8 23. Nf3 Be6 24. Na4 Rb8 25. d5 Bf7 26. Qd2 b5 27. Nb6 Qc7 28. exd6
Bxd6 29. c5 Bxd5 30. Nxd5 cxd5 31. Qxd5+ Qf7 32. Qxd6 Qb3 33. Rd3 Qb2 34. Rf2
Qb1 35. Qd5+ Kh8 36. Qb3 Qa1 37. Qb2 Qxb2 38. Rxb2 Rb7 39. Ne5 Ne6 1-0